MARC details
| 000 -LEADER |
| campo de control de longitud fija |
01497nam a2200325 i 4500 |
| 001 - NÚMERO DE CONTROL |
| campo de control |
193676 |
| 003 - IDENTIFICADOR DE NÚMERO DE CONTROL |
| campo de control |
ES-MaACL |
| 005 - FECHA Y HORA DE LA ÚLTIMA TRANSACCIÓN |
| campo de control |
20241116063035.0 |
| 007 - CAMPO FIJO DE DESCRIPCIÓN FÍSICA--INFORMACIÓN GENERAL |
| campo de control de longitud fija |
ta |
| 008 - DATOS DE LONGITUD FIJA--INFORMACIÓN GENERAL |
| campo de control de longitud fija |
240205s1909 fra f 000 0 fre d |
| 035 ## - NÚMERO DE CONTROL DEL SISTEMA |
| Número de control de sistema |
Rebiun16587939 |
| 040 ## - FUENTE DE CATALOGACIÓN |
| Centro catalogador/agencia de origen |
ES-MaCSI. |
| Lengua de catalogación |
spa. |
| Centro/agencia transcriptor |
VL |
| 080 ## - NÚMERO DE LA CLASIFICACIÓN DECIMAL UNIVERSAL |
| Número de la Clasificación Decimal Universal |
621.3:537 |
| 100 0# - ENTRADA PRINCIPAL--NOMBRE DE PERSONA |
| Nombre de persona |
Vigneron, Eugéne |
| 9 (RLIN) |
114648 |
| Término indicativo de función/relación |
Autor |
| 245 10 - MENCIÓN DEL TÍTULO |
| Título |
Magnétisme et électromagnétisme / |
| Mención de responsabilidad, etc. |
par Eug. Vigneron ... |
| 264 #1 - PRODUCCIÓN, PUBLICACIÓN, DISTRIBUCIÓN, FABRICACIÓN Y COPYRIGHT |
| Producción, publicación, distribución, fabricación y copyright |
Paris : |
| Nombre del de productor, editor, distribuidor, fabricante |
Librairie des Sciences et de l'Industrie : |
| -- |
L.Geisler, imprimeur-éditeur, |
| Fecha de producción, publicación, distribución, fabricación o copyright |
1909. |
| 300 ## - DESCRIPCIÓN FÍSICA |
| Extensión |
2 Fasciculos (110 ; 122 páginas) : |
| Otras características físicas |
ilustraciones (blanco y negro), diagramas ; |
| Dimensiones |
25 cm |
| 336 ## - TIPO DE CONTENIDO |
| Fuente |
rdacontent |
| Término de tipo de contenido |
Texto |
| 337 ## - TIPO DE MEDIO |
| Fuente |
rdamedia |
| Nombre/término del tipo de medio |
sin mediación |
| 338 ## - TIPO DE SOPORTE |
| Fuente |
rdacarrier |
| Nombre/término del tipo de soporte |
volumen |
| 490 1# - MENCIÓN DE SERIE |
| Mención de serie |
Encyclopédie électrotechnique ; |
| Designación de volumen o secuencia |
[Fasc.] 3-4 |
| 500 ## - NOTA GENERAL |
| Nota general |
Contiene: Première partie: 3e fascicule -- Deuxième partie: 4e fascicule |
| 650 #4 - PUNTO DE ACCESO ADICIONAL DE MATERIA--TÉRMINO DE MATERIA |
| Término de materia o nombre geográfico como elemento de entrada |
Electrotecnia |
| 9 (RLIN) |
12169 |
| 830 ## - PUNTO DE ACCESO ADICIONAL DE SERIE-TÍTULO UNIFORME |
| 9 (RLIN) |
235039 |
| Título uniforme |
Encyclopédie électrotechnique ; |
| Designación de volumen o secuencia |
3-4 |
| 852 ## - LOCALIZACIÓN |
| Ubicación |
Es-MaACL |
| Sublocalización o colección |
R.M.8231/1 |
| Ubicación en estantería |
Sala Valle Inclán |
| Número de control de estantería |
D-8685(1) |
| Marcas de propiedad |
Sello en tinta en portada: "Ateneo de Madrid. Biblioteca". |
| Encuadernación |
Encuadernación editorial, piel sobre pasta. -- Encuadernado con la segunda parte. |
| itemnumber |
201197 |
| 852 ## - LOCALIZACIÓN |
| Ubicación |
Es-MaACL |
| Sublocalización o colección |
R.M.8231/2 |
| Ubicación en estantería |
Sala Valle Inclán |
| Número de control de estantería |
D-8685(2) |
| Encuadernación |
Encuadernación editorial, piel sobre pasta. -- Encuadernado con la primera parte. |
| itemnumber |
201198 |
| 942 ## - ELEMENTOS DE ENTRADA SECUNDARIOS (KOHA) |
| Suprimir en OPAC |
No |
| Tipo de ítem Koha |
Libro impreso |